LEADER 01147cam0-2200373---450- 001 990004259660403321 005 20161006160641.0 010 $a84-7502-441-6 035 $a000425966 035 $aFED01000425966 035 $a(Aleph)000425966FED01 035 $a000425966 100 $a19990604d1995----km-y0itay50------ba 101 0 $acat 102 $aES 105 $a--------001yy 200 1 $aDe l'Humanisme i del Renaixement$fMiquel Battlori$gedició a cura d'Eulàlia i Josep Solervicens$gpròleg d'Eulàlia Duran 210 $aValencia$cCliment$d1995 215 $aXI, 445 p.$d24 cm 225 1 $aObra completa$v5 225 1 $aBiblioteca d'estudis i investigacions$iTres i quatre$v22 610 0 $aUmanesimo$aSpagna 610 0 $aRinascimento$aSpagna 676 $a860.9$v22$zita 700 1$aBatllori,$bMiguel$f<1909-2003>$0168708 702 1$aDuran,$bEulàlia 702 1$aSolervicens,$bJosep 801 0$aIT$bUNINA$gRICA$2UNIMARC 901 $aBK 912 $a990004259660403321 952 $a860.9 BAT 1$bBibl.21307$fFLFBC 959 $aFLFBC 996 $aDe l'Humanisme i del Renaixement$9491374 997 $aUNINA LEADER 01572nam 2200409 450 001 9910704490303321 005 20130225143247.0 035 $a(CKB)5470000002440788 035 $a(OCoLC)828409272 035 $a(EXLCZ)995470000002440788 100 $a20130225d2012 ua 0 101 0 $aeng 135 $aur||||||||||| 181 $ctxt$2rdacontent 182 $cc$2rdamedia 183 $acr$2rdacarrier 200 10$aNuclear safety $earrangement between the United States of America and Turkey, signed at Vienna, September 18, 2012, with addenda 210 1$a[Washington, D.C.] :$cUnited States Department of State,$d[2012?] 215 $a1 online resource (18 unnumbered pages) 225 1 $aTreaties and other international acts series ;$v12-918.1 300 $aTitle from title screen (viewed on February 25, 2013). 517 $aNuclear safety 606 $aNuclear facilities$xSafety measures$xResearch$zUnited States 606 $aNuclear facilities$xSafety measures$xResearch$zTurkey 606 $aCommunication of technical information$zUnited States 606 $aCommunication of technical information$zTurkey 615 0$aNuclear facilities$xSafety measures$xResearch 615 0$aNuclear facilities$xSafety measures$xResearch 615 0$aCommunication of technical information 615 0$aCommunication of technical information 712 02$aUnited States.$bDepartment of State. 801 0$bGPO 801 1$bGPO 906 $aBOOK 912 $a9910704490303321 996 $aNuclear safety$92319825 997 $aUNINA